000 00687nam a2200253Ia 4500
005 20230309141720.0
008 140110s9999 xx 000 0 und d
020 _a9788130912783
_cRs 250
040 _aLoreto College
041 _aEnglish
082 _a822.33
_bSHA-HOP
100 _aHopkins, Lisa
245 _aBeginning Shakespeare
_cLisa Hopkins
250 _a1st Indian ed
260 _aNew Delhi
_bViva Books Private Ltd
_c2010
300 _avii,212p
504 _aIncludes bibliographical references and index
630 _aDrama
630 _aLiterrature in English
650 _aEnglish Drama
651 _aShakespeare, William
850 _aLCLIB
942 _cBK
999 _c37648
_d88127